000 00378nam a2200157 i 4500
001 bg
100 1 _aKALASNIKOW, A. M.
245 0 _aKolebatelnye sistemy /
_cA.M. Kalasnikow, Ja.W. Stepuk.
250 _aWyd.4 przer.
260 _aMoskwa,
_c1972.
700 1 _aSTEPUK, Ja. W.
040 _cBPK
041 _apol
942 _cKS
008 s pl f |000 0 pol
999 _c14957
_d14957
856 _uhttp://koha.tu.koszalin.pl/cgi-bin/koha/opac-detail.pl?biblionumber=14957
_yKatalog online BPK